00624nam a22001937a 4500003000500000005001700005008004100022010001000063011001000073035001000083040000900093100002400102245003500126260007800161300002000239490008000259650001100339830008000350CHAP20220329140234.0971013s1953 r 00010 d a49080 a50052 a54202 cCHAP00aPeterson, Robert R. aSilos de trinchera en Honduras aTegucigalpa :bServicio Interamericano de Cooperación Agrícola,c1953 a(s.p.)b: ilus. aServicio Técnico Interamericano de Cooperación Agrícola. Folletov; 214aSilos.0 aServicio Técnico Interamericano de Cooperación Agrícola. Folletov; 2